000 00506nam a2200145Ia 4500
008 140724s9999 xx 000 0 und d
050 _aQA 76.9.S88
_b.P196 2010
100 _aPansacola, Kevin Moses B.
245 _aOnline recruitment system of generation one resource /
_cKevin Moses B. Pansacola.
260 _aLas PiƱas, Philippines :
_bSouthville International School and Colleges,
_cc2010
300 _a51 p. :
_bill. ;
_c28 cm.
521 _aInformation Technology
942 _cTH
999 _c228731
_d228731